| 000 | 00553nam a22001457a 4500 | ||
|---|---|---|---|
| 003 | NUST | ||
| 005 | 20220818134639.0 | ||
| 020 | _a81-309-0410-1 | ||
| 082 | _a355, GRE | ||
| 245 |
_aThe 33 Strategies of War _cRobert Greene |
||
| 260 |
_aLondon _bViva Books Pvt Ltd _c2006 |
||
| 300 | _axxii, 471: pages | ||
| 505 | _aPart 1: Self- Directed Warfare (Page-1), Part 2: Organization (team) warfare (Page-55), part 3: Defensive Warfare (Page-97), Part 4: Offensive Warfare (Page-147), Part 5: Unconventional (Dirty) Warfare (Page-229). | ||
| 942 |
_2ddc _cBK |
||
| 999 |
_c591215 _d591215 |
||